Recommended procedures for the safety performance evaluation of highway appurtenances /

Bibliographic Details
Main Author: Michie, Jarvis Dale
Corporate Author: National Research Council (U.S.). Transportation Research Board
Format: Book
Language:English
Published: Washington, D.C. : Transportation Research Board, National Research Council, 1981.
Series:Report (National Cooperative Highway Research Program) ; 230.
Subjects:

MARC

Tag First Indicator Second Indicator Subfields
LEADER 00000cam a2200000 a 4500
001 in00000075191
005 20151008060347.0
008 810803s1981 dcua b 00010 eng
010 |a  81050927  
020 |a 0309031559 (pbk.) :  |c $6.00 
035 |a (OCoLC)07444157 
035 |9 AAJ5594AM 
039 0 |a 2  |b 3  |c 3  |d 3  |e 3 
040 |a DLC  |c DLC  |d TXA  |d UtOrBLW 
049 |a TXAM  |c 1 [1196470], 2 [A11662757] 
050 0 0 |a TE7  |b .N25 no. 230  |a TE228 
082 0 |a 625.7 s  |a 625.7/95/0289  |2 19 
100 1 |a Michie, Jarvis Dale. 
245 1 0 |a Recommended procedures for the safety performance evaluation of highway appurtenances /  |c Jarvis D. Michie. 
264 1 |a Washington, D.C. :  |b Transportation Research Board, National Research Council,  |c 1981. 
300 |a 42 pages :  |b illustrations ;  |c 28 cm. 
336 |a text  |b txt  |2 rdacontent 
337 |a unmediated  |b n  |2 rdamedia 
338 |a volume  |b nc  |2 rdacarrier 
490 1 |a National Cooperative Highway Research Program report,  |x 0077-5614 ;  |v 230 
504 |a Includes bibliographical references. 
650 0 |a Roads  |x Accessories  |x Safety measures. 
710 2 |a National Research Council (U.S.).  |b Transportation Research Board. 
830 0 |a Report (National Cooperative Highway Research Program) ;  |v 230. 
999 |a MARS 
999 f f |s a019add0-c739-3791-9f15-796697ea3562  |i 31c9a35d-9ae1-37a2-9298-71115e92e1ea  |t 0 
952 f f |p ric  |a Texas A&M University  |b Rellis Campus  |c Joint Library Facility  |d Remote Storage  |t 0  |e TE7 .N25 no.230  |h Library of Congress classification  |i unmediated -- volume  |m A14811662757 
998 f f |a TE7 .N25 no.230  |t 0  |l Remote Storage